[Event "Ernst Rasmussen BDG tournament"]
[Site "Port Townsend, WA"]
[Date "2010.10.23"]
[Round "1"]
[White "Kent, Michael L"]
[Black "McGeary, Bill"]
[Result "0-1"]
[WhiteElo "1256"]
[BlackElo "2210"]
[PlyCount "66"]
[EventDate "2010.10.23"]
[EventType "swiss"]
[EventCountry "USA"]
[SourceDate "2010.10.28"]

1. d4 d5 2. e4 dxe4 3. Nc3 Nf6 4. f3 exf3 5. Nxf3 Bf5 6. Bc4 e6 7. Bg5 Be7 8.
O-O O-O 9. Ne5 c5 10. dxc5 Qc7 11. Bxf6 Bxf6 12. Nd3 Nd7 13. Nb5 Qc6 14. Nd6
Bxd3 15. Qxd3 Nxc5 16. Qg3 Bxb2 17. Rad1 Ne4 18. Nxe4 Qxe4 19. Bd3 Qe5 20. Qh4
Qd4+ 21. Qxd4 Bxd4+ 22. Kh1 Rfd8 23. Rf3 Rac8 24. Rdf1 Rc7 25. Rh3 g6 26. g4 f6
27. Rhf3 Kg7 28. h4 Rd5 29. Kg2 Ra5 30. Re1 e5 31. h5 Rxa2 32. hxg6 hxg6 33.
Rh1 Ra1 0-1

[Event "Ernst Rasmussen BDG tournament"]
[Site "Port Townsend, WA"]
[Date "2010.10.23"]
[Round "1"]
[White "Malugu, Satyajit"]
[Black "Merrikin, David"]
[Result "1-0"]
[WhiteElo "2162"]
[BlackElo "1196"]
[PlyCount "35"]
[EventDate "2010.10.23"]
[EventType "swiss"]
[EventCountry "USA"]
[SourceDate "2010.10.28"]

1. d4 d5 2. e4 dxe4 3. Nc3 Nf6 4. f3 exf3 5. Nxf3 Bg4 6. Bc4 Bxf3 7. Qxf3 c6 8.
d5 cxd5 9. Nxd5 Nc6 10. O-O e6 11. Nxf6+ gxf6 12. Be3 f5 13. Bxe6 Nd4 14. Bxf7+
Kxf7 15. Qf2 Bc5 16. Rad1 Ne2+ 17. Qxe2 Bxe3+ 18. Qxe3 {handwriting
indecipherable: 18...(Queen moves somewhere), white's 19. indecipherable, 19...
Re8, 20.Rd7 1-0} 1-0

[Event "Ernst Rasmussen BDG tournament"]
[Site "Port Townsend, WA"]
[Date "2010.10.23"]
[Round "1"]
[White "Nill, Matthew"]
[Black "Murray, Michael A"]
[Result "0-1"]
[WhiteElo "1684"]
[BlackElo "1971"]
[PlyCount "99"]
[EventDate "2010.10.23"]
[EventType "swiss"]
[EventCountry "USA"]
[SourceDate "2010.10.28"]

1. d4 d5 2. e4 dxe4 3. Nc3 Nf6 4. f3 exf3 5. Nxf3 c6 6. Bd3 Bg4 7. Be3 e6 8.
O-O Nbd7 9. Qe1 Be7 10. Ne4 Nxe4 11. Bxe4 Nf6 12. Bd3 Bh5 13. Ne5 Bg6 14. Qf2
Bxd3 15. Nxd3 O-O 16. Ne5 Nd5 17. c3 Nxe3 18. Qxe3 Bd6 19. Rad1 Bxe5 20. dxe5
Qb6 21. Qxb6 axb6 22. a3 Rfd8 23. Rd6 Rxd6 24. exd6 Rd8 25. Rd1 Rd7 26. Kf2 e5
27. c4 f6 28. b4 c5 29. bxc5 bxc5 30. Rd5 b6 31. a4 Kf7 32. a5 bxa5 33. Rxc5
Ke6 34. Rxa5 Kxd6 35. Ke3 f5 36. Rd5+ Ke6 37. Rc5 f4+ 38. Ke2 g5 39. Rc8 e4 40.
c5 Ra7 41. c6 Kd6 42. Rg8 Ra2+ 43. Kf1 Ra5 44. Rc8 Rc5 45. Rh8 Kxc6 46. Rxh7
Kd5 47. Rd7+ Ke5 48. Re7+ Kd4 49. Rd7+ Kc3 50. Rd1 {
remaining moves not recorded} 0-1

[Event "Ernst Rasmussen BDG tournament"]
[Site "Port Townsend, WA"]
[Date "2010.10.23"]
[Round "1"]
[White "Seran, Ben"]
[Black "Pitre, H G."]
[Result "0-1"]
[WhiteElo "1138"]
[BlackElo "1816"]
[PlyCount "100"]
[EventDate "2010.10.23"]
[EventType "swiss"]
[EventCountry "USA"]
[SourceDate "2010.10.28"]

1. d4 d5 2. e4 dxe4 3. Nc3 Nf6 4. f3 exf3 5. Nxf3 Bg4 6. h3 Bxf3 7. Qxf3 c6 8.
Be3 e6 9. O-O-O Be7 10. g4 Nbd7 11. g5 Nd5 12. Nxd5 cxd5 13. Bd3 Bxg5 14. Bxg5
Qxg5+ 15. Kb1 O-O 16. Rhg1 Qh6 17. Rg2 f5 18. Rdg1 Rf7 19. Qe2 Qf6 20. h4 e5
21. dxe5 Nxe5 22. Bxf5 Qxf5 23. Rg5 Qe4 24. Qxe4 dxe4 25. Rxe5 Rf4 26. h5 Raf8
27. a3 Rf1+ 28. Rxf1 Rxf1+ 29. Ka2 Rh1 30. Kb3 Kf7 31. Kc3 Kf6 32. Rxe4 Rxh5
33. Rc4 Re5 34. Rh4 h5 35. Rd4 g5 36. b4 h4 37. Rg4 Re3+ 38. Kb2 Rg3 39. Re4 h3
40. Re1 h2 41. Rf1+ Ke5 42. Rh1 Rg2 43. Kc3 g4 44. Kd3 g3 45. c4 Rg1 46. Rxg1
hxg1=Q 47. c5 Qd4+ 48. Ke2 g2 49. Kf3 g1=Q 50. c6 Qdf2# 0-1

[Event "Ernst Rasmussen BDG tournament"]
[Site "Port Townsend, WA"]
[Date "2010.10.23"]
[Round "1"]
[White "Miller, Aric"]
[Black "Chase, Stephen L"]
[Result "1-0"]
[WhiteElo "1744"]
[BlackElo "1567"]
[PlyCount "39"]
[EventDate "2010.10.23"]
[EventType "swiss"]
[EventCountry "USA"]
[SourceDate "2010.10.28"]

1. d4 d5 2. e4 dxe4 3. Nc3 Nf6 4. f3 exf3 5. Qxf3 Qxd4 6. Nb5 Qe5+ 7. Be2 c6 8.
Bf4 Qe4 9. Nc7+ Kd8 10. O-O-O+ Nbd7 11. Nxa8 Qxf3 12. Nxf3 Nd5 13. Rxd5 cxd5
14. Ng5 e5 15. Nxf7+ Ke8 16. Nxe5 Nxe5 17. Bxe5 Be6 18. Nc7+ Kd7 19. Bb5+ Ke7
20. Re1 1-0

[Event "Ernst Rasmussen BDG tournament"]
[Site "Port Townsend, WA"]
[Date "2010.10.23"]
[Round "2"]
[White "McGeary, Bill"]
[Black "Rasmussen, Ernst"]
[Result "1-0"]
[WhiteElo "2210"]
[BlackElo "1692"]
[PlyCount "73"]
[EventDate "2010.10.23"]
[EventType "swiss"]
[EventCountry "USA"]
[SourceDate "2010.10.28"]

1. d4 d5 2. e4 dxe4 3. Nc3 Nf6 4. f3 exf3 5. Nxf3 Bg4 6. h3 Bf5 7. Ne5 e6 8. g4
Bg6 9. Bg2 c6 10. O-O Bxc2 11. Qd2 Bg6 12. Qf2 Nbd7 13. Nxg6 hxg6 14. g5 Be7
15. Ne4 Rf8 16. gxf6 Nxf6 17. Ng5 Qd7 18. Nf3 Bd6 19. Qc2 O-O-O 20. Bg5 Rde8
21. Rad1 Nd5 22. a3 f6 23. Bc1 g5 24. b4 a6 25. Nd2 Ne3 26. Qc3 Nxd1 27. Rxd1
Qc7 28. Ne4 Bh2+ 29. Kf1 Bf4 30. Nc5 Bxc1 31. Rxc1 Qf4+ 32. Kg1 g4 33. Nxb7 Kb8
34. Na5 gxh3 35. Nxc6+ Ka8 36. Nd8+ hxg2 37. Qc6+ 1-0

[Event "Ernst Rasmussen BDG tournament"]
[Site "Port Townsend, WA"]
[Date "2010.10.23"]
[Round "2"]
[White "Pitre, H G."]
[Black "Malugu, Satyajit"]
[Result "0-1"]
[WhiteElo "1816"]
[BlackElo "2162"]
[PlyCount "56"]
[EventDate "2010.10.23"]
[EventType "swiss"]
[EventCountry "USA"]
[SourceDate "2010.10.28"]

1. d4 d5 2. e4 dxe4 3. Nc3 Nf6 4. f3 exf3 5. Nxf3 Bg4 6. Bc4 e6 7. O-O Be7 8.
Bg5 Nc6 9. Bb5 O-O 10. Bxc6 bxc6 11. Bxf6 Bxf6 12. Ne4 Be7 13. c3 Qd5 14. Qe1
c5 15. Ne5 Bf5 16. Ng3 Bg6 17. Kh1 cxd4 18. c4 Qb7 19. Nxg6 hxg6 20. b3 c5 21.
Rf3 Rad8 22. Qe2 Qc7 23. Raf1 e5 24. Ne4 f5 25. Ng3 e4 26. Nxe4 fxe4 27. Qxe4
Qd6 28. Re1 d3 0-1

[Event "Ernst Rasmussen BDG tournament"]
[Site "Port Townsend, WA"]
[Date "2010.10.23"]
[Round "2"]
[White "Bartron, Paul"]
[Black "Anderson, Jack W"]
[Result "1-0"]
[WhiteElo "2055"]
[BlackElo "1718"]
[PlyCount "77"]
[EventDate "2010.10.23"]
[EventType "swiss"]
[EventCountry "USA"]
[SourceDate "2010.10.28"]

1. d4 d5 2. e4 dxe4 3. Nc3 Nf6 4. f3 exf3 5. Nxf3 g6 6. Bc4 Bg7 7. Ne5 O-O 8.
O-O Nbd7 9. Qe2 Nb6 10. Be3 Nxc4 11. Qxc4 Be6 12. Qb4 Nd5 13. Nxd5 Qxd5 14. c4
Qe4 15. Rae1 Bxe5 16. dxe5 Qxc4 17. Qxe7 Bf5 18. Qg5 Qg4 19. Qf6 Be4 20. g3 Qh3
21. Rf2 Rae8 22. Bc5 Re6 23. Qg5 h6 24. Qf4 Bf5 25. Bxf8 Kxf8 26. Qb4+ Kg7 27.
Qxb7 Re7 28. Qc6 Be6 29. Qf3 Qf5 30. Qa3 Qg5 31. Qe3 Qxe3 32. Rxe3 Bxa2 33. Ra3
Bd5 34. Re2 c6 35. Kf2 g5 36. g4 Kg6 37. Ra5 a6 38. Rxa6 Bc4 39. Rxc6+ 1-0

[Event "Ernst Rasmussen BDG tournament"]
[Site "Port Townsend, WA"]
[Date "2010.10.23"]
[Round "2"]
[White "Hill, Sam"]
[Black "Harrison, Drayton"]
[Result "0-1"]
[WhiteElo "1920"]
[BlackElo "1984"]
[PlyCount "62"]
[EventDate "2010.10.23"]
[EventType "swiss"]
[EventCountry "USA"]
[SourceDate "2010.10.28"]

1. d4 d5 2. e4 dxe4 3. Nc3 Nf6 4. f3 exf3 5. Nxf3 c6 6. Bc4 Bf5 7. Ne5 e6 8.
O-O Bg6 9. Be3 Nbd7 10. Nxg6 hxg6 11. Qf3 Qc7 12. h3 O-O-O 13. a3 Nb6 14. Bd3
Nbd5 15. Nxd5 Nxd5 16. Bf2 Bd6 17. c4 Nf6 18. b4 g5 19. g4 Bf4 20. b5 cxb5 21.
cxb5 Nd5 22. Kg2 Kb8 23. Be4 g6 24. Ra2 f5 25. Bxd5 Rxd5 26. Qe2 Rxh3 27. Qxe6
Rh2+ 28. Kg1 Rd6 29. Qg8+ Rd8 30. Qxg6 Rdh8 31. Raa1 Be3 0-1

[Event "Ernst Rasmussen BDG tournament"]
[Site "Port Townsend, WA"]
[Date "2010.10.23"]
[Round "2"]
[White "Murray, Michael A"]
[Black "Miller, Aric"]
[Result "1-0"]
[WhiteElo "1971"]
[BlackElo "1744"]
[PlyCount "41"]
[EventDate "2010.10.23"]
[EventType "swiss"]
[EventCountry "USA"]
[SourceDate "2010.10.28"]

1. d4 d5 2. e4 dxe4 3. Nc3 Nf6 4. f3 exf3 5. Nxf3 e6 6. Bg5 Be7 7. Bd3 Nc6 8.
a3 h6 9. Bh4 O-O 10. Qd2 a6 11. g4 Nxg4 12. Bxe7 Qxe7 13. Rg1 e5 14. O-O-O exd4
15. Nd5 Qd6 16. c4 Be6 17. Nf6+ Nxf6 18. Qxh6 Bg4 19. Rxg4 Qf4+ 20. Qxf4 Nxg4
21. Qxg4 1-0

[Event "Ernst Rasmussen BDG tournament"]
[Site "Port Townsend, WA"]
[Date "2010.10.23"]
[Round "2"]
[White "Buck, Stephen J"]
[Black "Merrikin, David"]
[Result "0-1"]
[WhiteElo "1799"]
[BlackElo "1196"]
[PlyCount "86"]
[EventDate "2010.10.23"]
[EventType "swiss"]
[EventCountry "USA"]
[SourceDate "2010.10.28"]

1. d4 d5 2. e4 dxe4 3. Nc3 Nf6 4. f3 exf3 5. Nxf3 Bg4 6. h3 Bxf3 7. Qxf3 c6 8.
Be3 e6 9. Bd3 Be7 10. O-O Nbd7 11. g4 O-O 12. Rf2 Nb6 13. Raf1 Nfd5 14. Nxd5
Nxd5 15. Bd2 Bh4 16. Rg2 Bf6 17. c3 Bg5 18. Qe4 g6 19. Bxg5 Qxg5 20. Rgf2 Qe3
21. Qxe3 Nxe3 22. Re1 Nd5 23. c4 Nb4 24. Bb1 Rad8 25. a3 Na6 26. Rd2 Nc7 27.
Be4 f5 28. gxf5 exf5 29. Bf3 Rfe8 30. Rxe8+ Rxe8 31. Kf2 Kf7 32. d5 cxd5 33.
cxd5 b6 34. d6 Rd8 35. Ke2 Ne8 36. d7 Nf6 37. Bc6 Ke7 38. Kf3 Nxd7 39. Kf4 Nf6
40. Rxd8 Kxd8 41. Ke5 Kc7 42. Bf3 Nd7+ 43. Ke6 Nc5+ {
(probably) remaining moves not recorded} 0-1

[Event "Ernst Rasmussen BDG tournament"]
[Site "Port Townsend, WA"]
[Date "2010.10.23"]
[Round "2"]
[White "Chase, Stephen L"]
[Black "Nill, Matthew"]
[Result "0-1"]
[WhiteElo "1567"]
[BlackElo "1684"]
[PlyCount "88"]
[EventDate "2010.10.23"]
[EventType "swiss"]
[EventCountry "USA"]
[SourceDate "2010.10.28"]

1. d4 d5 2. e4 dxe4 3. Nc3 Nf6 4. f3 exf3 5. Nxf3 c6 6. Bc4 Bf5 7. Ne5 e6 8. g4
Bg6 9. g5 Nd5 10. O-O Bd6 11. Qf3 Bxe5 12. dxe5 O-O 13. Ne4 Nd7 14. Bf4 Nxf4
15. Qxf4 Bxe4 16. Rad1 Bf5 17. Kh1 Qe7 18. c3 Nb6 19. Bb3 Nd5 20. Qg3 Rad8 21.
Rd4 Qc7 22. Re1 Ne7 23. Red1 Be4+ 24. Rxe4 Rxd1+ 25. Bxd1 Rd8 26. Bf3 Qb6 27.
Qe1 Qxb2 28. Rb4 Qxa2 29. Rxb7 Nd5 30. Qd1 Qa6 31. Rb2 Qa5 32. Qb3 Qa1+ 33. Rb1
Qxc3 34. Qxc3 Nxc3 35. Rc1 Nd5 36. Rxc6 Nb4 37. Rc4 Rb8 38. Kg2 Kf8 39. Be4 g6
40. Rc7 a6 41. Kf2 Nd5 42. Ra7 Rb6 43. Bd3 Nb4 44. Bc4 Rc6 {
remaining moves not recorded} 0-1

[Event "Ernst Rasmussen BDG tournament"]
[Site "Port Townsend, WA"]
[Date "2010.10.23"]
[Round "3"]
[White "Harrison, Drayton"]
[Black "McGeary, Bill"]
[Result "0-1"]
[WhiteElo "1984"]
[BlackElo "2210"]
[PlyCount "55"]
[EventDate "2010.10.23"]
[EventType "swiss"]
[EventCountry "USA"]
[SourceDate "2010.10.28"]

1. d4 d5 2. e4 dxe4 3. Nc3 Nf6 4. f3 exf3 5. Nxf3 Bf5 6. Ne5 e6 7. g4 Ne4 8.
Bb5+ c6 9. O-O Bg6 10. Nxe4 cxb5 11. Ng5 Nc6 12. Nxg6 hxg6 13. Nxf7 Qd5 14.
Nxh8 Nxd4 15. Rxf8+ Kxf8 16. Nxg6+ Kf7 17. Nf4 Qe4 18. Qd3 Qe1+ 19. Kg2 e5 20.
Be3 Qxa1 21. Qg6+ Ke7 22. Qxg7+ Kd6 23. Qf6+ Kd7 24. Qxe5 Qxb2 25. Qd5+ Kc7 26.
Bxd4 Qxc2+ 27. Kg3 Rd8 28. Ne6+ 0-1

[Event "Ernst Rasmussen BDG tournament"]
[Site "Port Townsend, WA"]
[Date "2010.10.23"]
[Round "3"]
[White "Nill, Matthew"]
[Black "Pitre, H G."]
[Result "1-0"]
[WhiteElo "1684"]
[BlackElo "1816"]
[PlyCount "83"]
[EventDate "2010.10.23"]
[EventType "swiss"]
[EventCountry "USA"]
[SourceDate "2010.10.28"]

1. d4 d5 2. e4 dxe4 3. Nc3 Nf6 4. f3 exf3 5. Nxf3 Bg4 6. Be3 e6 7. Bd3 Bb4 8.
O-O Nc6 9. Ne2 a6 10. c3 Bd6 11. Bg5 Qe7 12. Ng3 h6 13. Bxf6 gxf6 14. Ne4 O-O-O
15. Qa4 Bxf3 16. Rxf3 f5 17. Ng3 h5 18. Bxa6 bxa6 19. Qxc6 h4 20. Qxa6+ Kd7 21.
Qb5+ c6 22. Qb7+ Bc7 23. Nf1 Rb8 24. Qa6 Rxb2 25. Rf2 Rhb8 26. Re1 Rxf2 27.
Kxf2 Rb2+ 28. Re2 Rb1 29. Qd3 Rxf1+ 30. Kxf1 Qd6 31. Qh3 Qf4+ 32. Ke1 Qxh2 33.
Qxh2 Bxh2 34. Kf2 Kd6 35. Rb2 f6 36. a4 Bg3+ 37. Ke2 e5 38. a5 e4 39. a6 f4 40.
a7 h3 41. gxh3 f3+ 42. Kf1 1-0

[Event "Ernst Rasmussen BDG tournament"]
[Site "Port Townsend, WA"]
[Date "2010.10.23"]
[Round "3"]
[White "Miller, Aric"]
[Black "Seran, Ben"]
[Result "1-0"]
[WhiteElo "1744"]
[BlackElo "1138"]
[PlyCount "139"]
[EventDate "2010.10.23"]
[EventType "swiss"]
[EventCountry "USA"]
[SourceDate "2010.10.28"]

1. d4 d5 2. e4 dxe4 3. Nc3 Nf6 4. f3 exf3 5. Nxf3 Nc6 6. Bb5 Bd7 7. O-O e6 8.
Bg5 Be7 9. d5 exd5 10. Nxd5 Nxd5 11. Qxd5 O-O 12. Rad1 Be6 13. Qe4 Qe8 14. Bxe7
Qxe7 15. Bxc6 Qc5+ 16. Nd4 bxc6 17. Qxc6 Qxc6 18. Nxc6 Bg4 19. Rd4 Be2 20. Rf5
Rfe8 21. Ra5 a6 22. a4 Rac8 23. Kf2 Re6 24. Rc5 Kf8 25. Rf4 Bh5 26. Nd4 Rh6 27.
g4 Bg6 28. Kg3 f6 29. Ne6+ Ke7 30. Nxg7 Kf7 31. Nf5 Bxf5 32. Rcxf5 Rb8 33. g5
Rg6 34. Rxf6+ Kg7 35. Rf7+ Kg8 36. h4 Rg7 37. R7f6 a5 38. b3 Ra8 39. Kg4 Re8
40. Kh5 c5 41. Rc6 Rd8 42. Rxc5 Ra8 43. Rc6 Rd8 44. Ra6 h6 45. Rxa5 hxg5 46.
Rxg5 Rc8 47. Rxg7+ Kxg7 48. Rc4 Rh8+ 49. Kg5 Kf7 50. a5 Rg8+ 51. Kf5 Ra8 52. b4
Ke7 53. Ke5 Rb8 54. c3 Rb5+ 55. Rc5 Rb7 56. a6 Ra7 57. b5 Kd7 58. Rc6 Ke7 59.
h5 Kf7 60. Rb6 Re7+ 61. Kf5 Re8 62. Rb7+ Kg8 63. a7 Rf8+ 64. Kg6 Rc8 65. Rb8
Kf8 66. Rxc8+ Ke7 67. Rc6 Kd7 68. a8=Q Ke7 69. Qb7+ Kd8 70. Rc8# 1-0

[Event "Ernst Rasmussen BDG tournament"]
[Site "Port Townsend, WA"]
[Date "2010.10.23"]
[Round "3"]
[White "Buck, Stephen J"]
[Black "Kent, Michael L"]
[Result "1-0"]
[WhiteElo "1799"]
[BlackElo "1256"]
[PlyCount "51"]
[EventDate "2010.10.23"]
[EventType "swiss"]
[EventCountry "USA"]
[SourceDate "2010.10.28"]

1. d4 d5 2. e4 dxe4 3. Nc3 Nf6 4. f3 exf3 5. Nxf3 Bf5 6. Bc4 e6 7. O-O Be7 8.
Ne5 O-O 9. Be3 Nbd7 10. Nxf7 Rxf7 11. Rxf5 exf5 12. Qf3 Qf8 13. Qxf5 g6 14. Qh3
h5 15. Rf1 Qg7 16. Ne4 Raf8 17. Ng5 Kh8 18. Nxf7+ Rxf7 19. Bxf7 Qxf7 20. Qxd7
Kg7 21. Qxc7 Qe6 22. Qe5 Qxe5 23. dxe5 Ng4 24. Bxa7 Nxe5 25. Bd4 Bd6 26. Re1
1-0

[Event "Ernst Rasmussen BDG tournament"]
[Site "Port Townsend, WA"]
[Date "2010.10.23"]
[Round "3"]
[White "McGuire, Dennis"]
[Black "Chase, Stephen L"]
[Result "0-1"]
[WhiteElo "1195"]
[BlackElo "1567"]
[PlyCount "40"]
[EventDate "2010.10.23"]
[EventType "swiss"]
[EventCountry "USA"]
[SourceDate "2010.10.28"]

1. d4 d5 2. e4 dxe4 3. Nc3 Nf6 4. f3 exf3 5. Nxf3 e6 6. Bd3 Be7 7. O-O O-O 8.
Ne4 Nbd7 9. Qe1 Nxe4 10. Bxe4 Nf6 11. Bd3 c5 12. dxc5 Bxc5+ 13. Kh1 Re8 14. Qh4
e5 15. Bc4 Ng4 16. Bxf7+ Kh8 17. Ng5 h6 18. Bc4 Qe7 19. Nf7+ Kh7 20. Bxh6 Qxh4
0-1

[Event "Ernst Rasmussen BDG tournament"]
[Site "Port Townsend, WA"]
[Date "2010.10.23"]
[Round "4"]
[White "McGeary, Bill"]
[Black "Bartron, Paul"]
[Result "0-1"]
[WhiteElo "2210"]
[BlackElo "2055"]
[PlyCount "64"]
[EventDate "2010.10.23"]
[EventType "swiss"]
[EventCountry "USA"]
[SourceDate "2010.10.28"]

1. d4 d5 2. e4 dxe4 3. Nc3 Nf6 4. f3 exf3 5. Nxf3 Bg4 6. h3 Bxf3 7. Qxf3 c6 8.
Be3 e6 9. Bd3 Nbd7 10. g4 h6 11. O-O Qc7 12. Rab1 a5 13. a3 Bd6 14. Kg2 Nb6 15.
Ne2 Nbd5 16. Bd2 b5 17. a4 O-O 18. h4 Nh7 19. axb5 cxb5 20. c3 Be7 21. g5 f5
22. gxh6 g6 23. Nf4 Nxf4+ 24. Bxf4 Qd7 25. Qg3 Kh8 26. Kh2 Rg8 27. Rbe1 Nf6 28.
h7 Kxh7 29. Kh3 Nh5 30. Qf3 b4 31. Be5 bxc3 32. bxc3 Bd6 {
Here white played a queen move (e3 or g3?) and then resigned.} 0-1

[Event "Ernst Rasmussen BDG tournament"]
[Site "Port Townsend, WA"]
[Date "2010.10.23"]
[Round "4"]
[White "Murray, Michael A"]
[Black "Harrison, Drayton"]
[Result "0-1"]
[WhiteElo "1971"]
[BlackElo "1984"]
[PlyCount "108"]
[EventDate "2010.10.23"]
[EventType "swiss"]
[EventCountry "USA"]
[SourceDate "2010.10.28"]

1. d4 d5 2. e4 dxe4 3. Nc3 Nf6 4. f3 exf3 5. Nxf3 c6 6. Bd3 Bg4 7. Be3 Nbd7 8.
h3 Bxf3 9. Qxf3 e6 10. O-O Qc7 11. g4 h6 12. Ne4 O-O-O (12... Nxe4 $1 13. Qxf7+
Kd8 $17) 13. Bf4 Qb6 14. c3 Nxe4 15. Bxe4 Nf6 16. Bd3 Bd6 17. Rf2 Bxf4 18. Qxf4
Qc7 19. Qf3 Rd7 20. a4 Nd5 21. a5 a6 22. Bf1 g5 23. b4 Nf4 24. b5 cxb5 25. Bxb5
Rd5 26. c4 Rxd4 27. Bxa6 Rd3 28. Qxb7+ Qxb7 29. Bxb7+ Kxb7 30. Rb2+ Kc7 31.
Rab1 Nxh3+ (31... Rg3+ 32. Kf1 Rxh3) 32. Kf1 Ra8 33. Rb7+ Kc6 34. R1b5 Ra3 35.
R5b6+ Kc5 36. Rxf7 R8xa5 37. Rxe6 Ra1+ 38. Re1 Rxe1+ 39. Kxe1 Nf4 40. Rf6 Ra1+
41. Kf2 Rh1 42. Rf8 Kxc4 43. Rd8 Nd5 44. Kf3 Kd4 45. Re8 Rf1+ 46. Kg3 Rf4 47.
Re6 Nf6 48. Ra6 Rxg4+ 49. Kh3 Rf4 50. Ra4+ Ke5 51. Ra5+ Ke6 52. Ra6+ Kf7 53.
Ra7+ Kg6 54. Ra3 h5 {remaining moves not recorded} 0-1

[Event "Ernst Rasmussen BDG tournament"]
[Site "Port Townsend, WA"]
[Date "2010.10.23"]
[Round "4"]
[White "Anderson, Jack W"]
[Black "Miller, Aric"]
[Result "0-1"]
[WhiteElo "1718"]
[BlackElo "1744"]
[PlyCount "72"]
[EventDate "2010.10.23"]
[EventType "swiss"]
[EventCountry "USA"]
[SourceDate "2010.10.28"]

1. d4 d5 2. e4 dxe4 3. Nc3 Nf6 4. f3 exf3 5. Nxf3 e6 6. Bg5 Be7 7. Bd3 Nc6 8.
Ne2 h6 9. Bf4 O-O 10. Qd2 Re8 11. c3 Bf8 12. O-O-O a6 13. h4 b5 14. Rhg1 Ng4
15. Be4 Bb7 16. Ng3 Na5 17. Bxb7 Nxb7 18. Qe2 Qd5 19. Kb1 c5 20. Rge1 c4 21.
Ne5 Nxe5 22. dxe5 Qc6 23. Qg4 Kh8 24. Ne4 Red8 25. Rxd8 Rxd8 26. Qh5 g6 27. Qg4
h5 28. Qg3 Qd5 29. Qg5 Qd3+ 30. Kc1 Rd7 31. Ng3 Rd8 32. Ne4 Na5 33. Nc5 Bxc5
34. Qf6+ Kg8 35. Bh6 Bf8 36. Bxf8 Qd2+ 0-1

[Event "Ernst Rasmussen BDG tournament"]
[Site "Port Townsend, WA"]
[Date "2010.10.23"]
[Round "4"]
[White "Nill, Matthew"]
[Black "Hill, Sam"]
[Result "1-0"]
[WhiteElo "1684"]
[BlackElo "1920"]
[PlyCount "78"]
[EventDate "2010.10.23"]
[EventType "swiss"]
[EventCountry "USA"]
[SourceDate "2010.10.28"]

1. d4 d5 2. e4 dxe4 3. Nc3 Nf6 4. f3 exf3 5. Nxf3 e6 6. Bd3 Nc6 7. Bg5 Be7 8.
Qd2 O-O 9. O-O-O a6 10. Ne4 Nd5 11. Bxe7 Qxe7 12. h4 Ncb4 13. Kb1 Nxd3 14. Qxd3
f5 15. Ng3 b5 16. h5 Bb7 17. Nh4 Qg5 18. Ne2 Qe3 19. Nf3 Rac8 20. Ne5 Rfd8 21.
Rh3 Qxd3 22. Rhxd3 c5 23. c3 c4 24. Rg3 f4 25. Rh3 Ne3 26. Rg1 Be4+ 27. Kc1 Nd5
28. g4 Rf8 29. Nd7 Rfd8 30. Nc5 Rxc5 31. dxc5 e5 32. Re1 Bd3 33. g5 Kf7 34. Rh2
Ke6 35. Nd4+ Kd7 36. Rxe5 Ne3 37. Rh3 Rf8 38. Nf3 Bf1 39. Rxe3 fxe3 {
and here black lost on time.} 1-0

[Event "Ernst Rasmussen BDG tournament"]
[Site "Port Townsend, WA"]
[Date "2010.10.23"]
[Round "4"]
[White "Seran, Ben"]
[Black "Chase, Stephen L"]
[Result "0-1"]
[WhiteElo "1138"]
[BlackElo "1567"]
[PlyCount "78"]
[EventDate "2010.10.23"]
[EventType "swiss"]
[EventCountry "USA"]
[SourceDate "2010.10.28"]

1. d4 d5 2. e4 dxe4 3. Nc3 Nf6 4. f3 exf3 5. Qxf3 c6 6. Be3 Bg4 7. Qf2 e6 8.
Bg5 Be7 9. Bd3 h6 10. Bxf6 Bxf6 11. Nge2 O-O 12. O-O Nd7 13. Ne4 Qe7 14. c3
Bxe2 15. Bxe2 b6 16. Qe3 Rac8 17. Rf3 c5 18. Rg3 Kh8 19. Rf1 cxd4 20. cxd4 e5
21. d5 Bh4 22. Rgf3 f5 23. d6 Qe6 24. Ba6 fxe4 25. Bxc8 exf3 26. Bxd7 Qxd7 27.
Qxe5 Bf6 28. Qd5 fxg2 29. Kxg2 Rd8 30. Re1 Qg4+ 31. Kh1 Qd4 32. Qc6 Qxd6 33.
Re8+ Kh7 34. Qe4+ g6 35. Re6 Qf8 36. Qc6 Bg5 37. Kg2 Rd2+ 38. Kg3 Qf4+ 39. Kh3
Qh4# 0-1

[Event "Ernst Rasmussen BDG tournament"]
[Site "Port Townsend, WA"]
[Date "2010.10.23"]
[Round "4"]
[White "Merrikin, David"]
[Black "McGuire, Dennis"]
[Result "1-0"]
[WhiteElo "1196"]
[BlackElo "1195"]
[PlyCount "83"]
[EventDate "2010.10.23"]
[EventType "swiss"]
[EventCountry "USA"]
[SourceDate "2010.10.28"]

1. d4 d5 2. e4 dxe4 3. Nc3 Nf6 4. f3 exf3 5. Nxf3 Bg4 6. h3 Bh5 7. Be3 e6 8.
Bd3 Be7 9. Qd2 Nc6 10. O-O-O Bxf3 11. gxf3 Nxd4 12. Bxd4 Nd5 13. Nxd5 exd5 14.
Bxg7 Bg5 15. Bxh8 Bxd2+ 16. Rxd2 Qg5 17. Re1+ Kd7 18. Bc3 c5 19. b3 Qf4 20.
Bxh7 Rc8 21. Be4 d4 22. Bxb7 Kc7 23. Bxd4 Kxb7 24. Be3 Qxf3 25. Rf2 Qxh3 26.
Rxf7+ Kb6 27. Rff1 Re8 28. Bd2 Rd8 29. Rf6+ Kb7 30. Re7+ Rd7 31. Rxd7+ Qxd7 32.
Rf1 Qg7 33. Kb1 Qg2 34. Rf7+ Ka6 35. Rf6+ Kb7 36. Bc3 Qd5 37. Kb2 a5 38. Bxa5
c4 39. Bc3 cxb3 40. axb3 Qb5 41. Rf4 Ka7 42. Ra4+ 1-0